[Event "Albena op-B"]
[Site "Albena"]
[Date "2016.06.22"]
[Round "4"]
[White "Dimitrov, Dejan"]
[Black "Bozov, Ahmet"]
[Result "0-1"]
[WhiteElo "1818"]
[BlackElo "2091"]
[PlyCount "92"]
[EventDate "2016.06.19"]
[EventType "swiss"]
[EventRounds "7"]
[EventCountry "BUL"]
[SourceTitle "EXT 2017"]
[Source "ChessBase"]
[SourceDate "2016.10.25"]
[SourceVersion "1"]
[SourceVersionDate "2016.10.25"]
[SourceQuality "1"]

1. e4 c5 2. Nf3 d6 3. d4 cxd4 4. Nxd4 Nf6 5. Nc3 a6 6. Be3 e5 7. Nb3 Be6 8. Qd2 Nbd7 9. f3 h5 10. Be2 Be7 11. 0-0 h4 12. Rfd1 Rc8 13. a4 Nb6 14. a5 Nc4 15. Bxc4 Rxc4 16. Nc1 Qc8 17. Ra4 h3 18. g3 Bd7 19. Rxc4 Qxc4 20. Nd3 Bd8 21. Ra1 0-0 22. b3 Qe6 23. Nb4 Ne8 24. g4 Qg6 25. Kh1 Nc7 26. Bb6 Bg5 27. Be3 Ne6 28. Nbd5 Re8 29. Rf1 Bc6 30. Bxg5 Nxg5 31. Ne3 Ne6 32. Nf5 Qf6 33. Ne2 Rd8 34. c4 g6 35. Nfg3 Ng5 36. Qe3 Qe7 37. Nc3 Ne6 38. Nce2 Qc7 39. b4 Rb8 40. Rg1 b6 41. Qh6 Qd8 42. Nf5 bxa5 43. bxa5 Rb3 44. Neg3 Rxf3 45. Qxh3 Bxe4 46. Nh6+ Kf8 0-1

[Event "Albena op-B"]
[Site "Albena"]
[Date "2016.06.20"]
[Round "2"]
[White "Kamenov, Valentin"]
[Black "Bozov, Ahmet"]
[Result "1-0"]
[WhiteElo "1829"]
[BlackElo "2091"]
[PlyCount "89"]
[EventDate "2016.06.19"]
[EventType "swiss"]
[EventRounds "7"]
[EventCountry "BUL"]
[SourceTitle "EXT 2017"]
[Source "ChessBase"]
[SourceDate "2016.10.25"]
[SourceVersion "1"]
[SourceVersionDate "2016.10.25"]
[SourceQuality "1"]

1. e4 c5 2. Nf3 d6 3. d4 cxd4 4. Nxd4 Nf6 5. Nc3 a6 6. a4 e5 7. Nf3 Qc7 8. Be2 Be7 9. 0-0 Be6 10. Re1 h6 11. h3 Nc6 12. Be3 0-0 13. Nh2 Nb4 14. Ng4 Nd7 15. Bd2 f5 16. exf5 Rxf5 17. Ne3 Rf4 18. Bf3 Rh4 19. Bg4 Bxg4 20. hxg4 h5 21. Nf5 Nb6 22. Nxe7+ Qxe7 23. Ne4 Rxg4 24. Bxb4 Qh4 25. f3 Rg6 26. a5 Qh3 27. Qe2 Nd5 28. Bd2 Nf4 29. Bxf4 exf4 30. Red1 Rd8 31. Rd5 h4 32. Rg5 Qe6 33. Rxg6 Qxg6 34. Nf2 d5 35. Re1 Kh7 36. Qd3 Rc8 37. Qxg6+ Kxg6 38. c3 Rc5 39. Nd3 Rxa5 40. Nxf4+ Kf5 41. Nd3 Rb5 42. Re5+ Kf6 43. f4 b6 44. Kf2 Ra5 45. Nb4 1-0

[Event "Albena op-B"]
[Site "Albena"]
[Date "2015.06.24"]
[Round "8"]
[White "Dragieva, Denitza"]
[Black "Bozov, Ahmet"]
[Result "1-0"]
[WhiteElo "1974"]
[BlackElo "2106"]
[PlyCount "73"]
[EventDate "2015.06.17"]
[EventType "swiss"]
[EventRounds "9"]
[EventCountry "BUL"]
[SourceTitle "CBM 167 Extra"]
[Source "ChessBase"]
[SourceDate "2015.09.14"]
[SourceVersion "1"]
[SourceVersionDate "2015.09.14"]
[SourceQuality "1"]

1. d4 d5 2. Nf3 c6 3. Bf4 Qb6 4. Qc1 Nf6 5. e3 Bf5 6. c4 Nbd7 7. Nc3 e6 8. Be2 Be7 9. 0-0 Nh5 10. Be5 Bg6 11. h3 0-0 12. Bh2 Rac8 13. c5 Qd8 14. b4 Nhf6 15. b5 Qa5 16. Nd2 cxb5 17. Nb3 Qd8 18. Nxb5 a6 19. Nd6 Bxd6 20. Bxd6 Re8 21. Qa3 Nb8 22. Na5 Qd7 23. Qb2 b5 24. a4 bxa4 25. Qb7 Qxb7 26. Nxb7 Bc2 27. Rfc1 Bb3 28. Na5 Ne4 29. Bh2 Nd2 30. c6 f6 31. c7 Nd7 32. Bxa6 Kf7 33. Bxc8 Rxc8 34. Nb7 Ke7 35. Bd6+ Ke8 36. Bb4 Ne4 37. f3 1-0

[Event "Golden Sands Europe op 1st"]
[Site "Golden Sands"]
[Date "2012.06.09"]
[Round "6"]
[White "Bozov, Ahmet"]
[Black "Videnova, Iva"]
[Result "0-1"]
[WhiteElo "2095"]
[BlackElo "2313"]
[PlyCount "56"]
[EventDate "2012.06.04"]
[EventType "swiss"]
[EventRounds "9"]
[EventCountry "BUL"]
[SourceTitle "CBM 148 Extra"]
[Source "ChessBase"]
[SourceDate "2012.06.22"]
[SourceVersion "1"]
[SourceVersionDate "2012.06.22"]
[SourceQuality "1"]

1. e4 c5 2. Nf3 d6 3. d4 cxd4 4. Nxd4 Nf6 5. Nc3 g6 6. Be3 Bg7 7. f3 Nc6 8. Qd2 0-0 9. 0-0-0 d5 10. Nxc6 bxc6 11. exd5 Nxd5 12. Nxd5 cxd5 13. Qxd5 Qc7 14. Qc5 Qb7 15. Qa3 Bf5 16. Bd3 Rab8 17. b3 Qc6 18. Bxf5 Qc3 19. Bd3 Rbc8 20. Qa4 Rfd8 21. b4 Rxd3 22. Rxd3 Qa1+ 23. Kd2 Qxh1 24. Ke2 Qxg2+ 25. Bf2 Bf6 26. b5 Qxh2 27. Qxa7 Qe5+ 28. Be3 Qxb5 0-1

[Event "BUL-chT2"]
[Site "Albena"]
[Date "2011.06.08"]
[Round "9.2"]
[White "Nenkov, Ljudmil"]
[Black "Bozov, Ahmet"]
[Result "1-0"]
[WhiteElo "2294"]
[BlackElo "2101"]
[PlyCount "201"]
[EventDate "2011.06.02"]
[EventType "team-tourn"]
[EventRounds "9"]
[EventCountry "BUL"]
[SourceTitle "CBM 142 Extra"]
[Source "ChessBase"]
[SourceDate "2011.06.27"]
[SourceVersion "1"]
[SourceVersionDate "2011.06.27"]
[SourceQuality "1"]
[WhiteTeam "Pernik Yuriy Benderev"]
[BlackTeam "Lovech"]
[WhiteTeamCountry "BUL"]
[BlackTeamCountry "BUL"]

1. Nf3 d5 2. g3 c6 3. Bg2 Bg4 4. d4 Nd7 5. 0-0 Ngf6 6. Nbd2 e6 7. Re1 Be7 8. e4 0-0 9. c3 Qb6 10. h3 Bh5 11. a4 a5 12. exd5 cxd5 13. Qb3 Qxb3 14. Nxb3 Bg6 15. Bf4 Rfc8 16. Bf1 Bc2 17. Nbd2 Nb6 18. Bb5 Nc4 19. Nxc4 dxc4 20. Bg5 h6 21. Bxf6 gxf6 22. Nd2 Bb3 23. Re3 Rc7 24. Nxb3 cxb3 25. f4 Rd8 26. Kf2 Rd5 27. Rae1 Bd6 28. Kf3 Bf8 29. h4 h5 30. Kf2 Kh7 31. Be2 Kh6 32. Bd1 Rd6 33. Be2 Rd5 34. Re4 Rc8 35. Bb5 Kg6 36. Kf3 Kg7 37. R1e2 Kg6 38. R4e3 Rc7 39. Ke4 b6 40. Kd3 Kf5 41. Bc4 Rd8 42. Bxb3 Bd6 43. Rf2 Kg6 44. Bc2 f5 45. Bb3 Kf6 46. Rfe2 Re7 47. Re1 Rg8 48. Bd1 Rh8 49. Ke2 Rc7 50. Bb3 Rg8 51. Kf2 Bf8 52. Re5 Rg6 53. Bd1 Rh6 54. Bf3 Rd7 55. R1e2 Bd6 56. R5e3 Rd8 57. Rd3 Rhh8 58. Re1 Rc8 59. Bd1 Rb8 60. Kf3 b5 61. axb5 Rxb5 62. Re2 Rhb8 63. Rdd2 Kg6 64. Ke3 R5b7 65. Kd3 Bc7 66. Rg2 Bd6 67. Ba4 Kf6 68. Bd1 Kg6 69. Ke3 Rb6 70. Kf3 R6b7 71. Ba4 Kf6 72. Rc2 Rd8 73. Rgd2 Be7 74. Ke3 Rbb8 75. Rd1 Rb6 76. Ra1 Rdb8 77. Ra2 Bd8 78. Rd2 Rd6 79. Bd1 Kg6 80. Kd3 Bb6 81. Re2 Bc7 82. Re3 Rdb6 83. Kc2 Rd6 84. Bf3 Bd8 85. Re5 Bb6 86. Rb5 Rg8 87. Ra1 Kh6 88. Rg1 Rgd8 89. Rg2 Rg8 90. Kd3 Rgd8 91. Ke3 Rg8 92. Kf2 Rgd8 93. Rg1 Kg6 94. Rd1 Rc8 95. Ra1 Rc7 96. Be2 Rcc6 97. Ra4 Rc8 98. Rc4 Rb8 99. Kg2 Rbd8 100. Bf3 R8d7 101. Bc6 1-0

[Event "BUL-chT2"]
[Site "Albena"]
[Date "2011.06.07"]
[Round "8.5"]
[White "Bozov, Ahmet"]
[Black "Trichkov, Vasil"]
[Result "0-1"]
[WhiteElo "2101"]
[BlackElo "2328"]
[PlyCount "68"]
[EventDate "2011.06.02"]
[EventType "team-tourn"]
[EventRounds "9"]
[EventCountry "BUL"]
[SourceTitle "CBM 142 Extra"]
[Source "ChessBase"]
[SourceDate "2011.06.27"]
[SourceVersion "1"]
[SourceVersionDate "2011.06.27"]
[SourceQuality "1"]
[WhiteTeam "Lovech"]
[BlackTeam "Sofia Slavia"]
[WhiteTeamCountry "BUL"]
[BlackTeamCountry "BUL"]

1. e4 c5 2. Nf3 d6 3. d4 Nf6 4. Nc3 cxd4 5. Nxd4 a6 6. Bg5 e6 7. f4 Qb6 8. Nb3 Nbd7 9. Qf3 Qc7 10. 0-0-0 b5 11. Bd3 Bb7 12. a3 Be7 13. Rhe1 h6 14. Bxf6 Bxf6 15. Bxb5 axb5 16. Nxb5 Qc6 17. Nxd6+ Kf8 18. Nxb7 Qxb7 19. Rxd7 Bxb2+ 20. Kxb2 Qxd7 21. e5 Qa7 22. Ra1 Ke7 23. Qg3 Rhb8 24. Qxg7 Qd4+ 25. Kb1 Rxb3+ 26. cxb3 Qd1+ 27. Kb2 Qd2+ 28. Kb1 Rc8 29. Qf6+ Ke8 30. Qh8+ Kd7 31. Qxc8+ Kxc8 32. g3 Qxh2 33. a4 Qxg3 34. Ka2 Qxf4 0-1

[Event "BUL-chT2"]
[Site "Albena"]
[Date "2011.06.06"]
[Round "7.1"]
[White "Bozov, Ahmet"]
[Black "Karakehajov, Kalin"]
[Result "0-1"]
[WhiteElo "2101"]
[BlackElo "2493"]
[PlyCount "28"]
[EventDate "2011.06.02"]
[EventType "team-tourn"]
[EventRounds "9"]
[EventCountry "BUL"]
[SourceTitle "CBM 142 Extra"]
[Source "ChessBase"]
[SourceDate "2011.06.27"]
[SourceVersion "1"]
[SourceVersionDate "2011.06.27"]
[SourceQuality "1"]
[WhiteTeam "Lovech"]
[BlackTeam "Silistra"]
[WhiteTeamCountry "BUL"]
[BlackTeamCountry "BUL"]

1. e4 c5 2. Nf3 e6 3. d4 cxd4 4. Nxd4 Nc6 5. Nc3 Nf6 6. Ndb5 Bc5 7. Bf4 0-0 8. Bc7 Qe7 9. Bd6 Bxd6 10. Qxd6 Qd8 11. Nc7 Rb8 12. e5 Ng4 13. f4 Ne3 14. Kd2 Nf5 0-1

[Event "BUL-chT-B Group qual final"]
[Site "Sofia"]
[Date "2010.02.21"]
[Round "1.3"]
[White "Bozov, Ahmet"]
[Black "Ivanov, Stojan Emilov"]
[Result "0-1"]
[WhiteElo "2114"]
[BlackElo "2261"]
[PlyCount "68"]
[EventDate "2010.02.21"]
[EventType "team-match"]
[EventRounds "1"]
[EventCountry "BUL"]
[SourceTitle "CBM 135 Extra"]
[Source "ChessBase"]
[SourceDate "2010.05.04"]
[SourceVersion "1"]
[SourceVersionDate "2010.05.04"]
[SourceQuality "1"]
[WhiteTeam "Lovech"]
[BlackTeam "Dobrich Energiya 21"]
[WhiteTeamCountry "BUL"]
[BlackTeamCountry "BUL"]

1. e4 c5 2. Nf3 Nc6 3. d4 cxd4 4. Nxd4 Nf6 5. Nc3 e6 6. Ndb5 d6 7. Bf4 e5 8. Bg5 a6 9. Na3 b5 10. Nd5 Be7 11. Bxf6 Bxf6 12. c3 0-0 13. h4 Be6 14. Nc2 Ne7 15. a4 Nxd5 16. exd5 Bd7 17. axb5 axb5 18. Rxa8 Qxa8 19. Nb4 e4 20. g3 Re8 21. Be2 Be5 22. 0-0 f5 23. f4 exf3 24. Rxf3 f4 25. gxf4 Bf6 26. Rf1 Bh3 27. Bxb5 Qa7+ 28. Kh1 Bxf1 29. Bxe8 Qf2 30. Qg4 Be2 31. Qe6+ Kh8 32. Bh5 Qf1+ 33. Kh2 Qxf4+ 34. Kh3 Bf1# 0-1

[Event "BUL-chT 58th"]
[Site "Borovetz"]
[Date "2008.10.01"]
[Round "1"]
[White "Tsekov, Svetozar"]
[Black "Bozov, Ahmet"]
[Result "1-0"]
[WhiteElo "2217"]
[BlackElo "2118"]
[PlyCount "67"]
[EventDate "2008.10.01"]
[EventType "team-tourn"]
[EventRounds "7"]
[EventCountry "BUL"]
[SourceTitle "CBM 126 Extra"]
[Source "ChessBase"]
[SourceDate "2008.11.05"]
[SourceVersion "1"]
[SourceVersionDate "2008.11.05"]
[SourceQuality "1"]
[WhiteTeam "Pleven Spartak XXI"]
[BlackTeam "Tarnovo Bulmex"]
[WhiteTeamCountry "BRN"]
[BlackTeamCountry "BUL"]

1. d4 d5 2. c4 c6 3. Nf3 Nf6 4. Qc2 dxc4 5. Qxc4 Qd5 6. e3 Be6 7. Qxd5 Bxd5 8. Nc3 e6 9. Bd3 Bb4 10. a3 Bxc3+ 11. bxc3 Nbd7 12. c4 Be4 13. Bxe4 Nxe4 14. Bb2 f6 15. Ke2 Nb6 16. Rac1 Kd7 17. Rhd1 Rhe8 18. Ne1 Na4 19. Ba1 b5 20. Nd3 Ke7 21. c5 Ng5 22. f3 Nf7 23. e4 Nd8 24. Bc3 Nxc3+ 25. Rxc3 Nb7 26. a4 a6 27. Ra1 Red8 28. Nb4 Rac8 29. axb5 axb5 30. Ra6 Kd7 31. d5 cxd5 32. c6+ Ke8 33. cxb7 Rxc3 34. Ra8 1-0

[Event "Kesarovski Georgiev Memorial 7th"]
[Site "Sunny Beach"]
[Date "2008.09.11"]
[Round "5"]
[White "Bozov, Ahmet"]
[Black "Nikolov, Radoslav"]
[Result "1/2-1/2"]
[WhiteElo "2140"]
[BlackElo "2143"]
[PlyCount "71"]
[EventDate "2008.09.08"]
[EventType "swiss"]
[EventRounds "9"]
[EventCountry "BUL"]
[SourceTitle "CBM 126 Extra"]
[Source "ChessBase"]
[SourceDate "2008.11.05"]
[SourceVersion "1"]
[SourceVersionDate "2008.11.05"]
[SourceQuality "1"]

1. e4 e5 2. Nf3 Nc6 3. Bb5 Nf6 4. 0-0 d6 5. Re1 Be7 6. c3 Bg4 7. h3 Bh5 8. d3 0-0 9. g4 Bg6 10. Nbd2 a6 11. Ba4 b5 12. Bb3 Qd7 13. Nh4 Kh8 14. Ng2 Na5 15. Nf1 Nxb3 16. axb3 d5 17. f3 Rfd8 18. Be3 c5 19. Bf2 d4 20. c4 Bd6 21. Qd2 Qc7 22. Ra5 b4 23. Raa1 Qc6 24. Bg3 Bc7 25. Ra4 h6 26. f4 exf4 27. Bxf4 Bxf4 28. Nxf4 Nd7 29. Nh2 Ne5 30. Nd5 Rd7 31. Rf1 f6 32. Nf3 Qd6 33. Raa1 Nxd3 34. Qxd3 Qg3+ 35. Kh1 Qxh3+ 36. Kg1 1/2-1/2

[Event "Kesarovski Georgiev Memorial 7th"]
[Site "Sunny Beach"]
[Date "2008.09.10"]
[Round "4"]
[White "Ivanov, Daniel"]
[Black "Bozov, Ahmet"]
[Result "1-0"]
[WhiteElo "1758"]
[BlackElo "2140"]
[PlyCount "73"]
[EventDate "2008.09.08"]
[EventType "swiss"]
[EventRounds "9"]
[EventCountry "BUL"]
[SourceTitle "CBM 126 Extra"]
[Source "ChessBase"]
[SourceDate "2008.11.05"]
[SourceVersion "1"]
[SourceVersionDate "2008.11.05"]
[SourceQuality "1"]

1. b3 c5 2. Bb2 Nc6 3. c4 Nf6 4. Nf3 d6 5. e3 e5 6. d3 Bg4 7. Be2 Be7 8. e4 0-0 9. 0-0 Nh5 10. h3 Bxf3 11. Bxf3 Nf4 12. Bc1 Ne6 13. Nc3 Bg5 14. Be3 g6 15. Nd5 f5 16. exf5 gxf5 17. Bxg5 Qxg5 18. Kh1 Qh4 19. Nc3 Ng5 20. Bd5+ Kh8 21. Kh2 Rf6 22. f4 exf4 23. Ne2 f3 24. Bxf3 Ne5 25. Ng1 Rg8 26. Bd5 Rg7 27. Qe1 Qd4 28. Rd1 h6 29. Qd2 Qh4 30. Rf4 Qh5 31. Rdf1 Qg6 32. Be4 Nxe4 33. dxe4 Qg3+ 34. Kh1 Rfg6 35. exf5 Rf6 36. Nf3 Ng6 37. Rg4 1-0

[Event "Ablanica op"]
[Site "Ablanica"]
[Date "2008.04.06"]
[Round "6"]
[White "Bozov, Ahmet"]
[Black "Maneva, Ani"]
[Result "1-0"]
[WhiteElo "2140"]
[BlackElo "2004"]
[PlyCount "32"]
[EventDate "2008.04.05"]
[EventType "swiss"]
[EventRounds "7"]
[EventCountry "BUL"]
[SourceTitle "EXT 2009"]
[Source "ChessBase"]
[SourceDate "2008.11.26"]
[SourceVersion "1"]
[SourceVersionDate "2008.11.26"]
[SourceQuality "1"]

1. e4 e5 2. Nf3 Nc6 3. Bc4 Bc5 4. c3 Nf6 5. d4 exd4 6. cxd4 Bb4+ 7. Kf1 Nxe4 8. d5 Nb8 9. Qd4 Nf6 10. Bg5 Be7 11. Nc3 d6 12. Bxf6 Bxf6 13. Re1+ Kf8 14. Qe3 Nd7 15. Bb5 a6 16. Bd3 b5 1-0

[Event "Kesarovski Georgiev Memorial 4th"]
[Site "Sunny Beach"]
[Date "2005.09.24"]
[Round "9"]
[White "Dobrev, Nanko"]
[Black "Bozov, Ahmet"]
[Result "1-0"]
[WhiteElo "2426"]
[BlackElo "2091"]
[PlyCount "109"]
[EventDate "2005.09.16"]
[EventType "swiss"]
[EventRounds "9"]
[EventCountry "BUL"]
[SourceTitle "CBM 108 Extra"]
[Source "ChessBase"]
[SourceDate "2005.11.04"]
[SourceVersion "1"]
[SourceVersionDate "2005.11.04"]
[SourceQuality "1"]

1. d4 d5 2. Nf3 Nf6 3. c4 c6 4. Nc3 a6 5. cxd5 cxd5 6. Bf4 e6 7. Ne5 Nbd7 8. e3 b5 9. Bd3 Bb7 10. 0-0 Nxe5 11. dxe5 Nd7 12. Qg4 g6 13. Bg3 Qb6 14. Qe2 Bg7 15. f4 Nc5 16. b4 Nxd3 17. Qxd3 0-0 18. Ne2 Rfc8 19. Be1 Rc4 20. Bc3 Rac8 21. Bd4 Qc7 22. a3 a5 23. Bc5 Bf8 24. Bxf8 Kxf8 25. Nd4 Ba6 26. h4 h5 27. Qd2 Rc3 28. Rfb1 a4 29. Rd1 Qe7 30. Qf2 R8c4 31. Qe1 Qc7 32. Kf2 Ke8 33. Ne2 Rc2 34. Rd2 Bc8 35. Rxc2 Rxc2 36. Rc1 Rc4 37. Rxc4 dxc4 38. Nc3 Qc6 39. Qd2 Bb7 40. e4 Qb6+ 41. Qe3 Qxe3+ 42. Kxe3 Bc6 43. f5 Kf8 44. Kf4 Kg7 45. g3 Kh6 46. f6 Kh7 47. Ke3 Kh6 48. Kd4 g5 49. Kc5 Be8 50. Kd6 gxh4 51. gxh4 Kg6 52. Ne2 Kh7 53. Ke7 Bc6 54. Kxf7 Bxe4 55. Ke7 1-0

[Event "Kesarovski Georgiev Memorial 4th"]
[Site "Sunny Beach"]
[Date "2005.09.23"]
[Round "8"]
[White "Bozov, Ahmet"]
[Black "Yordanov, Nikolay"]
[Result "1-0"]
[WhiteElo "2091"]
[BlackElo "2257"]
[PlyCount "139"]
[EventDate "2005.09.16"]
[EventType "swiss"]
[EventRounds "9"]
[EventCountry "BUL"]
[SourceTitle "CBM 108 Extra"]
[Source "ChessBase"]
[SourceDate "2005.11.04"]
[SourceVersion "1"]
[SourceVersionDate "2005.11.04"]
[SourceQuality "1"]

1. e4 c5 2. Nf3 Nc6 3. Bb5 d6 4. 0-0 e5 5. c3 Bg4 6. h3 Bxf3 7. Qxf3 Qf6 8. Qe2 Nge7 9. Na3 0-0-0 10. d3 Ng6 11. Bxc6 bxc6 12. d4 d5 13. Qa6+ Kb8 14. dxe5 Nxe5 15. f4 Nd7 16. e5 Qe6 17. f5 Qe8 18. e6 Nb6 19. Bg5 Be7 20. Bxe7 Qxe7 21. Rae1 Rhf8 22. Qd3 fxe6 23. Rxe6 Qc7 24. Rfe1 Rf7 25. b3 Kb7 26. Nc2 Qf4 27. Rf1 Qc7 28. Qe3 Nd7 29. b4 Nf8 30. Re5 Nd7 31. Re7 Rxe7 32. Qxe7 Nf6 33. Qxc5 Qb6 34. Nd4 Qxc5 35. bxc5 Ka8 36. Ne6 Rd7 37. g4 h6 38. Rb1 Ne4 39. Rb3 Nd2 40. Rb2 Ne4 41. Rc2 Kb7 42. Kg2 Kc8 43. h4 Rf7 44. Kf3 h5 45. Ng5 hxg4+ 46. Kxg4 Nf6+ 47. Kf4 Re7 48. Ne6 Rf7 49. Rg2 Ne8 50. Ke5 Re7 51. h5 Kd7 52. Rg6 Kc8 53. h6 gxh6 54. Rxh6 Kd7 55. Rh8 Rf7 56. Rh6 Re7 57. Rh2 Rf7 58. Rb2 Kc8 59. Rb4 Rh7 60. Rg4 Rf7 61. Rg8 Kd7 62. Rf8 Rh7 63. a4 Re7 64. Rg8 Rf7 65. Nf8+ Kd8 66. Ng6 Kd7 67. Kf4 Kd8 68. Ne5 Rh7 69. f6 Rh4+ 70. Kg3 1-0

[Event "BUL-chT 54th"]
[Site "Plovdiv"]
[Date "2004.11.20"]
[Round "1.2"]
[White "Tsvetkov, Ilia"]
[Black "Bozov, Ahmet"]
[Result "1-0"]
[WhiteElo "2327"]
[BlackElo "2060"]
[PlyCount "69"]
[EventDate "2004.11.20"]
[EventType "team-swiss"]
[EventRounds "7"]
[EventCountry "BUL"]
[SourceTitle "EXT 2006"]
[Source "ChessBase"]
[SourceDate "2005.11.24"]
[SourceVersion "1"]
[SourceVersionDate "2005.11.24"]
[SourceQuality "1"]
[WhiteTeam "Sofia CSKA"]
[BlackTeam "Lovech Progres"]
[WhiteTeamCountry "BUL"]
[BlackTeamCountry "BUL"]

1. c4 e5 2. Nc3 Nf6 3. Nf3 Nc6 4. g3 Bb4 5. Bg2 0-0 6. 0-0 Re8 7. d3 h6 8. Bd2 a5 9. Ne1 Bc5 10. Nc2 Nd4 11. e3 Ne6 12. a3 c6 13. b4 Bf8 14. e4 d6 15. h3 Bd7 16. f4 Nc7 17. Qf3 axb4 18. axb4 Rxa1 19. Rxa1 Be6 20. f5 Bd7 21. g4 Nh7 22. Qf2 Be7 23. Qb6 Qb8 24. b5 c5 25. Ne3 Nf6 26. Qa7 Qxa7 27. Rxa7 Rb8 28. Bf3 Bd8 29. Bd1 Bc8 30. Kg2 Na8 31. Ncd5 Nxd5 32. Nxd5 Nb6 33. Ba5 Nxd5 34. Bxd8 Bxf5 35. cxd5 1-0

[Event "BUL-chT"]
[Site "Pamporovo"]
[Date "2001.10.07"]
[Round "6"]
[White "Bozov, Ahmet"]
[Black "Spasov, Vasil"]
[Result "0-1"]
[WhiteElo "2105"]
[BlackElo "2569"]
[PlyCount "118"]
[EventDate "2001.10.03"]
[EventType "team"]
[EventRounds "7"]
[EventCountry "BUL"]
[SourceTitle "CBM 084 Extra"]
[Source "ChessBase"]
[SourceDate "2001.10.26"]
[SourceVersion "1"]
[SourceVersionDate "2001.10.26"]
[SourceQuality "1"]

1. e4 c5 2. Nf3 Nc6 3. d4 cxd4 4. Nxd4 Nf6 5. Nc3 e5 6. Ndb5 d6 7. Bg5 a6 8. Na3 b5 9. Nd5 Be7 10. Bxf6 Bxf6 11. c3 Ne7 12. Nc2 Nxd5 13. Qxd5 Rb8 14. Nb4 0-0 15. Rd1 Bb7 16. Qd3 Qc8 17. Be2 Bd8 18. 0-0 a5 19. Nd5 g6 20. Qd2 Bc6 21. Qh6 Rb7 22. a4 b4 23. Ba6 Bxa4 24. Bxb7 Qxb7 25. Rd2 Bb5 26. Ra1 bxc3 27. bxc3 a4 28. g4 Qc8 29. h3 Bc6 30. Ra3 Qb7 31. Ra1 Qb3 32. Rd3 Bxd5 33. Rxd5 Bb6 34. Qc1 Bc5 35. Qd1 Qxc3 36. Rd3 Qb2 37. Rd2 Qb3 38. Qxb3 axb3 39. Rb1 Rb8 40. Rdb2 Rb4 41. Re2 Bd4 42. Kf1 Kg7 43. Kg2 Kf6 44. Kg3 Ke6 45. Rd2 f5 46. gxf5+ gxf5 47. f3 b2 48. Re2 Rb3 49. exf5+ Kxf5 50. Re4 d5 51. Rh4 e4 52. Rh5+ Ke6 53. Rh6+ Ke5 54. Rh5+ Kd6 55. Rf5 e3 56. Rf8 e2 57. Re8 Re3 58. Rxe3 Bxe3 59. f4 Bd2 0-1